000
00255nam a22001097a 4500
082
_a
928 GHA'R
100
_a
RUSSELL, RALPH
_9
76442
245
_a
GHALIB 1797-1869 LIFE AND LETTERS
260
_a
LONDON
_b
GEORGE ALLEN
_c
1969
300
_a
VOL-1
942
_c
BK
999
_c
581841
_d
581841